[Event "27. Open Ciutat de Montcada 2014"]
[Site "Montcada i Reixac ESP"]
[Date "2014.06.27"]
[Round "3.1"]
[White "Cuartas, Jaime Alexander"]
[Black "Cori, Jorge"]
[Result "1/2-1/2"]
[WhiteElo "2483"]
[BlackElo "2608"]
[PlyCount "44"]
[EventDate "2014.06.25"]
[EventType "swiss"]
[EventRounds "9"]
[EventCountry "ESP"]
[Source "lmi"]
[SourceDate "2014.06.25"]

1. e4 c5 2. Nf3 e6 3. d4 cxd4 4. Nxd4 Nc6 5. Nc3 Qc7 6. f4 a6 7. Nxc6 Qxc6 8.
Bd3 b5 9. Qe2 Bb7 10. Bd2 Bc5 11. a3 Ne7 12. O-O-O O-O 13. Rhf1 f5 14. g3 Rac8
15. Kb1 Qb6 16. Rfe1 Bf2 17. Be3 Bxe3 18. Qxe3 Qxe3 19. Rxe3 Rc7 20. exf5 Nxf5
21. Ree1 g6 22. Be4 Bc8 1/2-1/2

[Event "27. Open Ciutat de Montcada 2014"]
[Site "Montcada i Reixac ESP"]
[Date "2014.06.27"]
[Round "3.2"]
[White "Herraiz Hidalgo, Herminio"]
[Black "Naroditsky, Daniel"]
[Result "1/2-1/2"]
[WhiteElo "2446"]
[BlackElo "2559"]
[PlyCount "112"]
[EventDate "2014.06.25"]
[EventType "swiss"]
[EventRounds "9"]
[EventCountry "ESP"]
[Source "lmi"]
[SourceDate "2014.06.25"]

1. d4 Nf6 2. c4 e6 3. Nc3 Bb4 4. Qc2 O-O 5. a3 Bxc3+ 6. Qxc3 d6 7. Bg5 Nbd7 8.
e3 b6 9. f3 c5 10. Nh3 Ba6 11. dxc5 bxc5 12. Be2 Qb6 13. Rd1 h6 14. Bh4 Rab8
15. Rd2 d5 16. Bg3 Rb7 17. O-O Rc8 18. Rfd1 Qb3 19. Qxb3 Rxb3 20. cxd5 Bxe2 21.
Rxe2 exd5 22. Nf4 Nb6 23. Be1 g5 24. Nd3 Na4 25. Rdd2 Re8 26. Nc1 Rbxe3 27.
Rxe3 Rxe3 28. Bf2 Re7 29. b3 Nb6 30. a4 Rc7 31. Rc2 c4 32. Bd4 Ne8 33. a5 Nc8
34. bxc4 Rxc4 35. Rxc4 dxc4 36. Ne2 Kf8 37. Nc3 Ke7 38. Kf2 Ke6 39. g4 Nc7 40.
Bg7 f6 41. Bxh6 Kf7 42. f4 Ne6 43. f5 Nd8 44. Kg3 Nc6 45. h4 gxh4+ 46. Kxh4
Nxa5 47. g5 fxg5+ 48. Kxg5 Nd6 49. Kf4 Nc6 50. Bg5 a5 51. Bh4 Nd4 52. Ke5 N6b5
53. Be1 Nf3+ 54. Kd5 Nc7+ 55. Kxc4 Nxe1 56. Kc5 Kf6 1/2-1/2

[Event "27. Open Ciutat de Montcada 2014"]
[Site "Montcada i Reixac ESP"]
[Date "2014.06.27"]
[Round "3.3"]
[White "Sardana, Rishi"]
[Black "Gomez Garrido, Camilo Ernesto"]
[Result "0-1"]
[WhiteElo "2316"]
[BlackElo "2495"]
[PlyCount "66"]
[EventDate "2014.06.25"]
[EventType "swiss"]
[EventRounds "9"]
[EventCountry "ESP"]
[Source "lmi"]
[SourceDate "2014.06.25"]

1. e4 c5 2. Nf3 d6 3. Bb5+ Nd7 4. O-O a6 5. Bd3 e6 6. c3 Ne7 7. Bc2 d5 8. e5 c4
9. d4 cxd3 10. Bxd3 Nc6 11. Re1 Be7 12. Nbd2 g5 13. Nf1 h5 14. Bc2 g4 15. Nd4
Ndxe5 16. Bf4 Bf6 17. Nxc6 Nxc6 18. Bb3 Ne7 19. Be5 Bxe5 20. Rxe5 Qd6 21. Re1
Bd7 22. Qd4 O-O-O 23. Ne3 Nc6 24. Qf6 Qf8 25. Rad1 Qh6 26. Qh4 f5 27. Bxd5 exd5
28. Nxd5 Rhe8 29. Nb6+ Kc7 30. Nd5+ Kb8 31. Qg3+ f4 32. Nxf4 Rxe1+ 33. Rxe1 h4
0-1

[Event "27. Open Ciutat de Montcada 2014"]
[Site "Montcada i Reixac ESP"]
[Date "2014.06.27"]
[Round "3.5"]
[White "Peralta, Fernando"]
[Black "Akshat, Khamparia"]
[Result "1/2-1/2"]
[WhiteElo "2596"]
[BlackElo "2367"]
[PlyCount "36"]
[EventDate "2014.06.25"]
[EventType "swiss"]
[EventRounds "9"]
[EventCountry "ESP"]
[Source "lmi"]
[SourceDate "2014.06.25"]

1. d4 Nf6 2. c4 g6 3. Nc3 Bg7 4. e4 d6 5. Nf3 O-O 6. h3 e5 7. d5 Nh5 8. Nh2 a5
9. Be2 Na6 10. Ng4 Nf6 11. g3 Nxg4 12. hxg4 f5 13. gxf5 gxf5 14. Bd3 Nc5 15.
Bc2 Qf6 16. Be3 f4 17. Bxc5 dxc5 18. Qd3 Bh6 1/2-1/2

[Event "27. Open Ciutat de Montcada 2014"]
[Site "Montcada i Reixac ESP"]
[Date "2014.06.27"]
[Round "3.6"]
[White "Cruz, Cristhian"]
[Black "Sagar, Shah"]
[Result "1/2-1/2"]
[WhiteElo "2563"]
[BlackElo "2309"]
[PlyCount "67"]
[EventDate "2014.06.25"]
[EventType "swiss"]
[EventRounds "9"]
[EventCountry "ESP"]
[Source "lmi"]
[SourceDate "2014.06.25"]

1. c4 Nf6 2. Nc3 e6 3. d4 Bb4 4. e3 c5 5. Bd3 Nc6 6. Nf3 Bxc3+ 7. bxc3 d6 8.
O-O e5 9. Nd2 O-O 10. Rb1 cxd4 11. cxd4 exd4 12. exd4 d5 13. Re1 Be6 14. c5 Qc7
15. Nb3 Nb4 16. Bb5 Bf5 17. Rb2 Rae8 18. Rxe8 Rxe8 19. g3 Nc6 20. Bf4 Qd7 21.
f3 a6 22. Bf1 Bh3 23. Bd3 Bf5 24. Be2 h6 25. g4 Bg6 26. Bf1 Nh7 27. Rg2 Ng5 28.
Bxg5 hxg5 29. Re2 Rxe2 30. Qxe2 Qc7 31. Qf2 Qf4 32. Kg2 Nd8 33. Qg3 Nc6 34. Qf2
1/2-1/2

[Event "27. Open Ciutat de Montcada 2014"]
[Site "Montcada i Reixac ESP"]
[Date "2014.06.27"]
[Round "3.7"]
[White "Ramirez Garcia, Jorge Alberto"]
[Black "Ghosh, Diptayan"]
[Result "1/2-1/2"]
[WhiteElo "2287"]
[BlackElo "2487"]
[PlyCount "83"]
[EventDate "2014.06.25"]
[EventType "swiss"]
[EventRounds "9"]
[EventCountry "ESP"]
[Source "lmi"]
[SourceDate "2014.06.25"]

1. e4 e6 2. d4 d5 3. Nc3 Nf6 4. exd5 exd5 5. Bg5 Be7 6. Bd3 O-O 7. Nge2 Re8 8.
O-O c6 9. Ng3 Bg4 10. Qd2 Nbd7 11. Rfe1 Nh5 12. Rxe7 Rxe7 13. Bxe7 Qxe7 14. h3
Nxg3 15. Re1 Be6 16. fxg3 Qb4 17. Kh2 g6 18. Bf1 Qxb2 19. Rb1 Qa3 20. Rxb7 Rb8
21. Rb3 Qd6 22. Bd3 Rxb3 23. cxb3 Qb4 24. Bb1 a5 25. Qe3 c5 26. Ne2 Qe1 27. Bd3
c4 28. Bc2 Nf6 29. Qe5 Kg7 30. g4 h6 31. Bxg6 Bxg4 32. hxg4 Qh4+ 33. Kg1 Kxg6
34. Nf4+ Kh7 35. Nxd5 Nxd5 36. Qxd5 Qe1+ 37. Kh2 c3 38. Qxf7+ Kh8 39. Qf8+ Kh7
40. Qf7+ Kh8 41. Qf8+ Kh7 42. Qf7+ 1/2-1/2

[Event "27. Open Ciutat de Montcada 2014"]
[Site "Montcada i Reixac ESP"]
[Date "2014.06.27"]
[Round "3.8"]
[White "Das, Sayantan"]
[Black "Vishnu, Prasanna. V"]
[Result "1-0"]
[WhiteElo "2352"]
[BlackElo "2459"]
[PlyCount "61"]
[EventDate "2014.06.25"]
[EventType "swiss"]
[EventRounds "9"]
[EventCountry "ESP"]
[Source "lmi"]
[SourceDate "2014.06.25"]

1. e4 c5 2. Nf3 e6 3. d4 cxd4 4. Nxd4 Nc6 5. Nc3 Qc7 6. Be3 a6 7. Qd2 Nf6 8.
O-O-O Be7 9. f3 b5 10. g4 Nxd4 11. Bxd4 Bb7 12. h4 O-O 13. g5 Nh5 14. Bh3 b4
15. Ne2 e5 16. Bf2 d5 17. Bg4 Nf4 18. Nxf4 exf4 19. e5 Qxe5 20. Bd4 Qc7 21. g6
f5 22. gxh7+ Kh8 23. Bh3 Rac8 24. Rhg1 Bf6 25. Rg2 Qc4 26. Qxf4 Qxa2 27. Rxg7
b3 28. Rg8+ Rxg8 29. Bxf6+ Rg7 30. Bxg7+ Kxg7 31. Rg1+ 1-0

[Event "27. Open Ciutat de Montcada 2014"]
[Site "Montcada i Reixac ESP"]
[Date "2014.06.27"]
[Round "3.9"]
[White "Munoz Pantoja, Miguel"]
[Black "Lorente Pupo, Ramon Miguel"]
[Result "1-0"]
[WhiteElo "2457"]
[BlackElo "2277"]
[PlyCount "67"]
[EventDate "2014.06.25"]
[EventType "swiss"]
[EventRounds "9"]
[EventCountry "ESP"]
[Source "lmi"]
[SourceDate "2014.06.25"]

1. e4 e5 2. Nf3 Nc6 3. d4 exd4 4. Nxd4 Bc5 5. Be3 Qf6 6. c3 Nge7 7. Bc4 Ne5 8.
Be2 Qg6 9. O-O d6 10. f3 O-O 11. Kh1 Bb6 12. Nd2 f5 13. f4 N5c6 14. exf5 Nxf5
15. Nxf5 Bxf5 16. Bxb6 axb6 17. Nf3 Qf6 18. Bc4+ Kh8 19. Qd2 h6 20. Rae1 Bg4
21. Ng1 Rae8 22. Rxe8 Rxe8 23. Re1 Re7 24. Qd5 Kh7 25. Rxe7 Qxe7 26. h3 Bd7 27.
Nf3 Qf6 28. Qg8+ Kg6 29. Nh4+ Kh5 30. g3 Bxh3 31. Be2+ Bg4 32. Qe8+ g6 33. Nxg6
Bxe2 34. Ne5+ 1-0

[Event "27. Open Ciutat de Montcada 2014"]
[Site "Montcada i Reixac ESP"]
[Date "2014.06.27"]
[Round "3.10"]
[White "Oganisian, Roman"]
[Black "Panelo, Marcelo"]
[Result "1-0"]
[WhiteElo "2245"]
[BlackElo "2448"]
[PlyCount "67"]
[EventDate "2014.06.25"]
[EventType "swiss"]
[EventRounds "9"]
[EventCountry "ESP"]
[Source "lmi"]
[SourceDate "2014.06.25"]

1. Nf3 Nf6 2. g3 g6 3. Bg2 Bg7 4. O-O O-O 5. c4 d6 6. Nc3 Nc6 7. a3 d5 8. cxd5
Nxd5 9. Nxd5 Qxd5 10. d3 Bg4 11. Be3 Qd7 12. Qc2 Bh3 13. Rac1 Bxg2 14. Kxg2 e5
15. h4 Rac8 16. h5 Rfe8 17. hxg6 hxg6 18. Qb3 Rb8 19. Ng5 Nd4 20. Bxd4 exd4 21.
Rc2 c6 22. e4 dxe3 23. fxe3 Re7 24. Rcf2 Rf8 25. e4 Bd4 26. Rf3 Kg7 27. Rh1 Kg8
28. Rh6 Qd6 29. Nh7 Kg7 30. Nxf8 Kxh6 31. Rxf7 Rxf7 32. Qxf7 Bg7 33. Ne6 Bxb2
34. g4 1-0

[Event "27. Open Ciutat de Montcada 2014"]
[Site "Montcada i Reixac ESP"]
[Date "2014.06.27"]
[Round "3.11"]
[White "Escobar Forero, Alder"]
[Black "Teh, Eu Wen Aron"]
[Result "1/2-1/2"]
[WhiteElo "2445"]
[BlackElo "2228"]
[PlyCount "114"]
[EventDate "2014.06.25"]
[EventType "swiss"]
[EventRounds "9"]
[EventCountry "ESP"]
[Source "lmi"]
[SourceDate "2014.06.25"]

1. e4 e5 2. Nf3 Nc6 3. Bb5 Nf6 4. O-O Nxe4 5. Qe2 Nd6 6. Bxc6 dxc6 7. Qxe5+ Qe7
8. Qa5 Qd8 9. Qc3 Nf5 10. d3 Be7 11. Bf4 O-O 12. Nbd2 Bf6 13. Be5 Bxe5 14. Nxe5
Be6 15. Rfe1 Qd4 16. Ne4 Rfe8 17. Nf3 Qxc3 18. Nxc3 f6 19. Re4 Bd5 20. Rf4 Nd6
21. Nd2 Re7 22. Nf1 Rae8 23. Ne3 Be6 24. b4 Kf7 25. h4 Bc8 26. a4 Re5 27. Kf1
Nf5 28. Nc4 R5e7 29. Ne4 Rd8 30. h5 h6 31. Re1 Nd6 32. Ned2 Rxe1+ 33. Kxe1 Nxc4
34. Nxc4 Re8+ 35. Kd2 b6 36. Ne3 Be6 37. Rd4 Ra8 38. f4 Ke7 39. Re4 Kd7 40.
Rd4+ Ke7 41. Re4 Kd7 42. f5 Bf7 43. Rg4 Rg8 44. Rd4+ Ke7 45. g4 Ra8 46. Re4+
Kd7 47. Rd4+ Ke7 48. a5 Rd8 49. Re4+ Kf8 50. c4 Re8 51. Kc3 Re7 52. Rxe7 Kxe7
53. Kd4 Kd7 54. Ng2 Bg8 55. Nf4 Bf7 56. c5 b5 57. a6 Bb3 1/2-1/2

[Event "27. Open Ciutat de Montcada 2014"]
[Site "Montcada i Reixac ESP"]
[Date "2014.06.27"]
[Round "3.12"]
[White "Zherebukh, Yaroslav"]
[Black "Saez Coma, Alejandro"]
[Result "1-0"]
[WhiteElo "2618"]
[BlackElo "2097"]
[PlyCount "61"]
[EventDate "2014.06.25"]
[EventType "swiss"]
[EventRounds "9"]
[EventCountry "ESP"]
[Source "lmi"]
[SourceDate "2014.06.25"]

1. e4 c5 2. b4 cxb4 3. a3 Nf6 4. e5 Nd5 5. axb4 e6 6. b5 d6 7. Bb2 dxe5 8. Bxe5
Nd7 9. Bb2 N7f6 10. Nf3 Be7 11. c4 Nf4 12. d4 O-O 13. g3 Ng6 14. Bg2 Bb4+ 15.
Nbd2 e5 16. O-O e4 17. Ng5 Bg4 18. Qc2 Be2 19. Ngxe4 Nxe4 20. Nxe4 Bxf1 21.
Rxf1 a6 22. Qb3 Ba5 23. c5 axb5 24. Nd6 Bc7 25. Nxb7 Qd7 26. d5 Be5 27. c6 Qc7
28. Ba3 Rfc8 29. d6 Qb6 30. Bc5 Qa6 31. Qd5 1-0

[Event "27. Open Ciutat de Montcada 2014"]
[Site "Montcada i Reixac ESP"]
[Date "2014.06.27"]
[Round "3.13"]
[White "Perpinya Rofes, Lluis Maria"]
[Black "Burmakin, Vladimir"]
[Result "1/2-1/2"]
[WhiteElo "2400"]
[BlackElo "2592"]
[PlyCount "44"]
[EventDate "2014.06.25"]
[EventType "swiss"]
[EventRounds "9"]
[EventCountry "ESP"]
[Source "lmi"]
[SourceDate "2014.06.25"]

1. e4 c6 2. d4 d5 3. Nc3 dxe4 4. Nxe4 Nd7 5. Ng5 Ngf6 6. Bd3 e6 7. N1f3 Bd6 8.
Qe2 h6 9. Ne4 Nxe4 10. Qxe4 Nf6 11. Qe2 Qc7 12. Bd2 b6 13. O-O-O Bb7 14. Ne5 c5
15. Bb5+ Ke7 16. dxc5 Qxc5 17. a3 a5 18. Bc3 Bxe5 19. Bxe5 Rhd8 20. f4 Bc6 21.
Bxc6 Qxc6 22. f5 Rxd1+ 1/2-1/2

[Event "27. Open Ciutat de Montcada 2014"]
[Site "Montcada i Reixac ESP"]
[Date "2014.06.27"]
[Round "3.14"]
[White "Grigoryan, Karen H"]
[Black "Martinez Romero, Martin"]
[Result "1-0"]
[WhiteElo "2577"]
[BlackElo "2401"]
[PlyCount "81"]
[EventDate "2014.06.25"]
[EventType "swiss"]
[EventRounds "9"]
[EventCountry "ESP"]
[Source "lmi"]
[SourceDate "2014.06.25"]

1. d4 Nf6 2. c4 g6 3. Nc3 Bg7 4. e4 d6 5. Nf3 O-O 6. Be2 e5 7. Be3 exd4 8. Nxd4
Re8 9. f3 c6 10. Bf2 d5 11. exd5 cxd5 12. O-O Nc6 13. c5 Nh5 14. g3 Qg5 15.
Ndb5 Be5 16. Kh1 Qh6 17. f4 Nxf4 18. gxf4 Bxf4 19. Bg1 Bh3 20. Bf3 Bxf1 21.
Qxf1 Ne7 22. Nd6 Bxd6 23. cxd6 Nf5 24. Qg2 Rad8 25. Bxd5 Nxd6 26. Qf3 Nf5 27.
Bxa7 Qd2 28. Bf2 b5 29. Rg1 Kh8 30. Bc6 Rf8 31. Be4 Ng7 32. Bh4 Rde8 33. Bf6
Qxb2 34. Bc6 Rc8 35. Bd5 Qd2 36. Bb3 Rce8 37. Ne4 Qb4 38. Ng5 Kg8 39. Nxf7 h6
40. Nd6+ Kh7 41. Nxe8 1-0

[Event "27. Open Ciutat de Montcada 2014"]
[Site "Montcada i Reixac ESP"]
[Date "2014.06.27"]
[Round "3.15"]
[White "Ruiz C, Joshua D"]
[Black "Aroshidze, Levan"]
[Result "1/2-1/2"]
[WhiteElo "2387"]
[BlackElo "2565"]
[PlyCount "58"]
[EventDate "2014.06.25"]
[EventType "swiss"]
[EventRounds "9"]
[EventCountry "ESP"]
[Source "lmi"]
[SourceDate "2014.06.25"]

1. e4 c5 2. Nf3 e6 3. d4 cxd4 4. Nxd4 Nc6 5. Nc3 Qc7 6. f4 a6 7. Nxc6 bxc6 8.
e5 d5 9. exd6 Bxd6 10. Ne4 Be7 11. Bd3 Nf6 12. O-O O-O 13. Qf3 c5 14. b3 Bb7
15. Bb2 Nxe4 16. Bxe4 Bxe4 17. Qxe4 c4 18. Be5 Qb6+ 19. Kh1 Rfc8 20. f5 Qc6 21.
Qxc6 Rxc6 22. f6 gxf6 23. Bxf6 Bxf6 24. Rxf6 cxb3 25. cxb3 Rc2 26. Raf1 Ra7 27.
R1f2 Rac7 28. Kg1 Rxf2 29. Rxf2 Rc1+ 1/2-1/2

[Event "27. Open Ciutat de Montcada 2014"]
[Site "Montcada i Reixac ESP"]
[Date "2014.06.27"]
[Round "3.16"]
[White "Movsziszian, Karen"]
[Black "Gomez Jurado, Luis Alberto"]
[Result "1-0"]
[WhiteElo "2520"]
[BlackElo "2304"]
[PlyCount "69"]
[EventDate "2014.06.25"]
[EventType "swiss"]
[EventRounds "9"]
[EventCountry "ESP"]
[Source "lmi"]
[SourceDate "2014.06.25"]

1. g3 d5 2. Bg2 Nf6 3. d3 e5 4. Nf3 Bd6 5. O-O O-O 6. c4 d4 7. e3 Nc6 8. exd4
Nxd4 9. Nxd4 exd4 10. Bg5 h6 11. Bxf6 Qxf6 12. Nd2 Be7 13. Re1 Rd8 14. a3 a5
15. Rc1 a4 16. c5 c6 17. Rc4 Be6 18. Ne4 Qg6 19. Rxa4 f5 20. Nd6 Bxd6 21. cxd6
Rxa4 22. Qxa4 Rxd6 23. Qa8+ Kh7 24. Qxb7 Bd5 25. Bxd5 Rxd5 26. Qc8 f4 27. Re8
Qf5 28. Rh8+ Kg6 29. Qxc6+ Kg5 30. Rf8 Qxf8 31. Qxd5+ Kg6 32. Qe4+ Kh5 33. Qxf4
Qc5 34. b4 Qd5 35. Qe4 1-0

[Event "27. Open Ciutat de Montcada 2014"]
[Site "Montcada i Reixac ESP"]
[Date "2014.06.27"]
[Round "3.17"]
[White "Moreno Ruiz, Javier"]
[Black "Alarcon Casellas, Rolando"]
[Result "1/2-1/2"]
[WhiteElo "2486"]
[BlackElo "2378"]
[PlyCount "189"]
[EventDate "2014.06.25"]
[EventType "swiss"]
[EventRounds "9"]
[EventCountry "ESP"]
[Source "lmi"]
[SourceDate "2014.06.25"]

1. c4 e5 2. g3 Nf6 3. Bg2 d5 4. cxd5 Nxd5 5. Nf3 Nc6 6. O-O Be7 7. d4 exd4 8.
Nxd4 Nxd4 9. Qxd4 Nf6 10. Qa4+ c6 11. Nc3 O-O 12. e4 Qb6 13. Qc2 Be6 14. Be3
Qa5 15. h3 Rfd8 16. Rfd1 Qh5 17. g4 Bxg4 18. hxg4 Nxg4 19. Qe2 Qh2+ 20. Kf1 h5
21. Rxd8+ Bxd8 22. Rd1 Bc7 23. Qf3 Re8 24. Qh3 Qe5 25. Bd4 Qg5 26. Ke2 Bb6 27.
Bxb6 axb6 28. Bf3 b5 29. a3 f5 30. Rh1 Rd8 31. Bxg4 Rd2+ 32. Kf1 Qxg4 33. Qxg4
hxg4 34. e5 Kf7 35. Rh8 Ke6 36. Re8+ Kd7 37. Rg8 Ke6 38. b4 Rd3 39. Ne2 Kxe5
40. Rxg7 Rxa3 41. Rxb7 f4 42. Ke1 Ra1+ 43. Kd2 Rf1 44. Re7+ Kd6 45. Re4 f3 46.
Ng3 Rxf2+ 47. Ke3 Rb2 48. Rxg4 Rb3+ 49. Kf2 Ke5 50. Rh4 Kd5 51. Nf5 Rc3 52.
Ne3+ Kd6 53. Kxf3 c5 54. Rh6+ Kd7 55. Ke4 cxb4 56. Nd5 Rc1 57. Rb6 Re1+ 58. Kd4
b3 59. Rxb5 Rd1+ 60. Kc4 Rb1 61. Nc3 Rb2 62. Na4 Rb1 63. Nc5+ Kd6 64. Nxb3 Rh1
65. Rd5+ Ke6 66. Nd4+ Kf6 67. Rf5+ Kg6 68. Rf2 Rg1 69. Kd5 Rd1 70. Ke5 Ra1 71.
Rf6+ Kg5 72. Ne6+ Kg4 73. Rg6+ Kf3 74. Nd4+ Kf2 75. Rf6+ Kg2 76. Ke4 Re1+ 77.
Kd3 Re8 78. Nf5 Rd8+ 79. Nd6 Ra8 80. Nc4 Rd8+ 81. Ke2 Kg3 82. Ne3 Re8 83. Rf5
Ra8 84. Rf3+ Kh4 85. Rf5 Kg3 86. Nc4 Kg4 87. Rf7 Kg5 88. Kf3 Ra4 89. Rc7 Ra1
90. Ke4 Ra8 91. Ne3 Kf6 92. Ng4+ Ke6 93. Rc6+ Ke7 94. Nf6 Ra4+ 95. Kf5 1/2-1/2

[Event "27. Open Ciutat de Montcada 2014"]
[Site "Montcada i Reixac ESP"]
[Date "2014.06.27"]
[Round "3.18"]
[White "Arun Prasad, S."]
[Black "Martorell Aguado, Joan"]
[Result "1-0"]
[WhiteElo "2472"]
[BlackElo "2110"]
[PlyCount "77"]
[EventDate "2014.06.25"]
[EventType "swiss"]
[EventRounds "9"]
[EventCountry "ESP"]
[Source "lmi"]
[SourceDate "2014.06.25"]

1. d4 Nf6 2. c4 c5 3. d5 e5 4. Nc3 d6 5. e4 Be7 6. h3 Nbd7 7. Nf3 O-O 8. Bd3
Ne8 9. g4 g6 10. Bh6 Ng7 11. Qe2 Kh8 12. O-O-O Nf6 13. Rdg1 a6 14. Nd2 Ng8 15.
Be3 Bg5 16. h4 Bxe3 17. Qxe3 h6 18. f4 exf4 19. Qxf4 Qf6 20. Qg3 Qe7 21. g5 h5
22. Re1 Bd7 23. e5 dxe5 24. Nf3 Bf5 25. Nxe5 Bxd3 26. Qxd3 Qd6 27. Rhf1 Rae8
28. Qg3 Nf5 29. Rxf5 gxf5 30. Nxf7+ Rxf7 31. Qxd6 Rxe1+ 32. Kd2 Re8 33. Qg6
Ree7 34. d6 Rd7 35. Nd5 b5 36. Qxh5+ Rh7 37. Qe8 bxc4 38. Qe5+ Rhg7 39. h5 1-0

[Event "27. Open Ciutat de Montcada 2014"]
[Site "Montcada i Reixac ESP"]
[Date "2014.06.27"]
[Round "3.19"]
[White "Sanchez, Sebastian Felipe"]
[Black "Lorenzo De La Riva, Lazaro"]
[Result "1-0"]
[WhiteElo "2375"]
[BlackElo "2421"]
[PlyCount "96"]
[EventDate "2014.06.25"]
[EventType "swiss"]
[EventRounds "9"]
[EventCountry "ESP"]
[Source "lmi"]
[SourceDate "2014.06.25"]

1. e4 c5 2. Nf3 d6 3. d4 cxd4 4. Nxd4 Nf6 5. Nc3 a6 6. Be2 e5 7. Nb3 Be7 8. O-O
O-O 9. Be3 Be6 10. Qd3 Nbd7 11. Nd5 Bxd5 12. exd5 Re8 13. c4 Rc8 14. Rfd1 b6
15. Rac1 g6 16. Nd2 a5 17. b3 h5 18. a3 Ng4 19. Bxg4 hxg4 20. b4 axb4 21. axb4
f5 22. Nb3 Kg7 23. c5 bxc5 24. bxc5 dxc5 25. d6 Bf6 26. Nxc5 Nxc5 27. Rxc5 Rxc5
28. Bxc5 Qd7 29. Qd5 Rb8 30. h3 gxh3 31. Ra1 Rb7 32. gxh3 Kh6 33. Kh2 Qf7 34.
Qxf7 Rxf7 35. Ra7 Kg7 36. d7 Bd8 37. Kg2 Kf6 38. Ra6+ Kg5 39. Ra8 Rxd7 40. Rxd8
Rxd8 41. Be7+ Kf4 42. Bxd8 Ke4 43. Kg3 Kd3 44. Bc7 Ke4 45. Kh4 Kf3 46. Bxe5
Kxf2 47. Kg5 Kg2 48. h4 Kh3 1-0

[Event "27. Open Ciutat de Montcada 2014"]
[Site "Montcada i Reixac ESP"]
[Date "2014.06.27"]
[Round "3.20"]
[White "Cori T., Deysi"]
[Black "Granados Aguilera, Cristian"]
[Result "1-0"]
[WhiteElo "2414"]
[BlackElo "1723"]
[PlyCount "69"]
[EventDate "2014.06.25"]
[EventType "swiss"]
[EventRounds "9"]
[EventCountry "ESP"]
[Source "lmi"]
[SourceDate "2014.06.25"]

1. d4 Nf6 2. Nf3 e6 3. e3 b6 4. Bd3 Bb7 5. c4 Be7 6. Nc3 d6 7. O-O O-O 8. Qe2
c5 9. Rd1 Nc6 10. d5 Nb4 11. Bb1 exd5 12. a3 dxc4 13. axb4 cxb4 14. Nb5 a6 15.
Nbd4 d5 16. e4 dxe4 17. Ne5 Qc7 18. Nxc4 Rac8 19. Nf5 Qxc4 20. Nxe7+ Kh8 21.
Qxc4 Rxc4 22. Be3 Rc7 23. Nf5 Nd7 24. Nd6 Nc5 25. Bxc5 bxc5 26. Nxb7 Rxb7 27.
Bxe4 Re7 28. Bd3 Rc8 29. Bxa6 g6 30. g3 Rcc7 31. Bc4 Re4 32. b3 Kg7 33. Rd5 Kf6
34. Ra6+ Ke7 35. Ra5 1-0

[Event "27. Open Ciutat de Montcada 2014"]
[Site "Montcada i Reixac ESP"]
[Date "2014.07.03"]
[Round "9.1"]
[White "Zherebukh, Yaroslav"]
[Black "Ni, Hua"]
[Result "1/2-1/2"]
[WhiteElo "2618"]
[BlackElo "2653"]
[PlyCount "85"]
[EventDate "2014.06.25"]
[EventType "swiss"]
[EventRounds "9"]
[EventCountry "ESP"]
[Source "lmi"]
[SourceDate "2014.06.25"]

1. c4 Nf6 2. Nc3 e6 3. d4 Bb4 4. Bg5 c5 5. d5 d6 6. e3 exd5 7. cxd5 Nbd7 8. Bb5
h6 9. Bh4 O-O 10. Nge2 Ne5 11. O-O Ng6 12. Bg3 Nh5 13. Bd3 Nxg3 14. Nxg3 Ne5
15. Bf5 c4 16. Nce4 Re8 17. a3 Bc5 18. b4 cxb3 19. Qxb3 b6 20. Bxc8 Rxc8 21. a4
Qh4 22. h3 Nd7 23. Qd3 g6 24. a5 Qe7 25. axb6 Bxb6 26. Qa3 Nc5 27. Nc3 Qe5 28.
Rad1 h5 29. Nge2 Qf6 30. Nd4 Ne4 31. Nxe4 Rxe4 32. Nc6 Bc5 33. Qa6 Qf5 34. Rc1
Rce8 35. Rfd1 Qd7 36. Rc4 Rxc4 37. Qxc4 Qf5 38. Ra1 Kh7 39. Qb3 Re4 40. Qd1 Rc4
41. Qf3 Qxf3 42. gxf3 Kg7 43. Ne7 1/2-1/2

[Event "27. Open Ciutat de Montcada 2014"]
[Site "Montcada i Reixac ESP"]
[Date "2014.07.03"]
[Round "9.2"]
[White "Narciso Dublan, Marc"]
[Black "Cori, Jorge"]
[Result "1/2-1/2"]
[WhiteElo "2538"]
[BlackElo "2608"]
[PlyCount "99"]
[EventDate "2014.06.25"]
[EventType "swiss"]
[EventRounds "9"]
[EventCountry "ESP"]
[Source "lmi"]
[SourceDate "2014.06.25"]

1. c4 c5 2. Nf3 Nc6 3. d4 cxd4 4. Nxd4 Nf6 5. Nc3 g6 6. e4 d6 7. Be2 Bg7 8. Be3
O-O 9. O-O Bd7 10. Nb3 Rc8 11. Rc1 Be6 12. f3 Nd7 13. Qd2 Nc5 14. Nd5 b6 15.
Rfd1 a5 16. Na1 Rb8 17. b3 Qd7 18. Nc2 Rfd8 19. Qe1 Qe8 20. Bf1 Rdc8 21. Rd2
Qf8 22. Na3 Na7 23. Qf2 Rb7 24. Nc2 b5 25. Ne1 Bh6 26. cxb5 Bxd5 27. Rxd5 Nxb5
28. e5 Bxe3 29. Qxe3 Nc7 30. Rd2 Rcb8 31. Nc2 Rb6 32. Rcd1 N5e6 33. exd6 Rxd6
34. Rxd6 exd6 35. Qd2 d5 36. Qxa5 Ra8 37. Qb6 Rxa2 38. Nd4 Nxd4 39. Qxd4 Qd6
40. b4 Ra8 41. b5 Rb8 42. Rc1 Ne6 43. Qa7 Qb6+ 44. Qxb6 Rxb6 45. Ra1 Kf8 46.
Ra6 Rb8 47. Rd6 Rd8 48. Ra6 Rb8 49. Rd6 Rd8 50. Ra6 1/2-1/2

[Event "27. Open Ciutat de Montcada 2014"]
[Site "Montcada i Reixac ESP"]
[Date "2014.07.03"]
[Round "9.3"]
[White "Ghosh, Diptayan"]
[Black "Naroditsky, Daniel"]
[Result "1/2-1/2"]
[WhiteElo "2487"]
[BlackElo "2559"]
[PlyCount "100"]
[EventDate "2014.06.25"]
[EventType "swiss"]
[EventRounds "9"]
[EventCountry "ESP"]
[Source "lmi"]
[SourceDate "2014.06.25"]

1. d4 Nf6 2. c4 e6 3. g3 d5 4. Nf3 Be7 5. Bg2 O-O 6. O-O dxc4 7. Qc2 a6 8. a4
Bd7 9. Bg5 Bc6 10. Rd1 Nbd7 11. Bxf6 Nxf6 12. Qxc4 Bd5 13. Qc2 Be4 14. Qc1 c5
15. dxc5 Qa5 16. Nbd2 Bd5 17. Ne5 Bxg2 18. Kxg2 Qxc5 19. Qxc5 Bxc5 20. Nb3 Bb4
21. Rac1 Rfd8 22. Nd3 Bf8 23. Na5 Rd7 24. Ne5 Rxd1 25. Rxd1 b5 26. axb5 axb5
27. Nac6 g5 28. Rd8 Ra2 29. Nd3 Ra6 30. Nce5 Rb6 31. Nc5 Rd6 32. Rb8 Rd5 33.
Ncd3 Nd7 34. Rxb5 Be7 35. Nxd7 Rxd7 36. Kf3 Rd4 37. Ke3 Ra4 38. b3 Ra2 39. g4
f6 40. Rb7 Bd6 41. h3 Ra1 42. Rb6 Be7 43. Rxe6 Kf7 44. Rc6 Rh1 45. f3 Rxh3 46.
Ke4 Rh2 47. Rc2 Ke6 48. b4 h5 49. gxh5 Rh4+ 50. f4 Bxb4 1/2-1/2

[Event "27. Open Ciutat de Montcada 2014"]
[Site "Montcada i Reixac ESP"]
[Date "2014.07.03"]
[Round "9.4"]
[White "Burmakin, Vladimir"]
[Black "Oliva Castaneda, Kevel"]
[Result "1-0"]
[WhiteElo "2592"]
[BlackElo "2427"]
[PlyCount "91"]
[EventDate "2014.06.25"]
[EventType "swiss"]
[EventRounds "9"]
[EventCountry "ESP"]
[Source "lmi"]
[SourceDate "2014.06.25"]

1. Nf3 Nf6 2. g3 g6 3. b3 Bg7 4. Bb2 O-O 5. Bg2 c6 6. O-O a5 7. c4 Na6 8. Nc3
d5 9. d4 Ne4 10. cxd5 Nxc3 11. Bxc3 cxd5 12. Qd2 a4 13. bxa4 Nb8 14. Qd1 Qd7
15. Ne5 Bxe5 16. dxe5 Rd8 17. e6 Qxe6 18. Qd4 f6 19. Rfd1 Nc6 20. Qxd5 Qxd5 21.
Bxd5+ Kf8 22. f3 Ke8 23. Bb3 Rxd1+ 24. Bxd1 Bd7 25. Rb1 Kd8 26. Rb5 Kc7 27. a5
Nb8 28. Rc5+ Bc6 29. Bb3 Nd7 30. Rc4 g5 31. h4 h6 32. Kf2 Kd8 33. hxg5 hxg5 34.
Bb4 Ke8 35. Rc1 Nf8 36. Rh1 Rd8 37. Rc1 Ra8 38. e4 Ng6 39. Ke3 Nf8 40. f4 gxf4+
41. gxf4 Kd7 42. Rd1+ Ke8 43. Rg1 Kd7 44. Rg7 Re8 45. Bf7 Rd8 46. Bh5 1-0